00894nam a2200253 a 45000010005000000030008000050050017000130080041000300350018000710400036000890410008001250820025001331000033001582450050001912500018002412600047002593000029003064900037003355000192003725040020005646500016005848300009006008300031006098577BD-RjUL20211208234620.0140119r19601960enka 001 0 eng d a(BD-RjUL)8622 aDLC/ICUcCGUdm.cdBD-RjULbeng aeng04a530.11223bEIM 196010aEinstein, Albertd1879-1955.14aThe meaning of relativity /cAlbert Einstein. a6th ed., rev. aLondon :bMethuen,c1956 [reprinted 1960]. a161 p. :bill. ;c20 cm.1 aStafford Little lectures ;v1921 a"Appendix II has been rewritten ... The text of the first edition was translated by Edwin Plimpton Adams, the first appendix by Ernst G. Straus and the second appendix by Sonja Bargmann." aIncludes index. 0aRelativity  0v1921 0aStafford Little lectures ;